[Event "SDS Naestved Open"]
[Site "Naestved"]
[Date "1988.07.24"]
[Round "2"]
[White "Sydor, Andrzej"]
[Black "Olesen, Martin"]
[Result "1/2-1/2"]
[WhiteElo "2335"]
[BlackElo "2225"]
[PlyCount "122"]
[EventDate "1988.07.23"]
[EventType "swiss"]
[EventRounds "9"]
[EventCountry "DEN"]
[SourceTitle "Gl Danbase og ChessBase"]

1. d4 Nf6 2. Nf3 e6 3. e3 b6 4. Bd3 Bb7 5. O-O c5 6. b3 Be7 7. Bb2 O-O 8. c4 cxd4 9. exd4 d5 10. Nbd2 Nc6 11. Rc1 Rc8 12. Re1 dxc4 13. bxc4 Qd6 14. Nf1 Rfd8 15. Ng3 Qf4 16. Qe2 Nb4 17. Bb1 Bxf3 18. gxf3 Bf8 19. Rcd1 Nc6 20. Be4 g6 21. d5 exd5 22. cxd5 Na5 23. Qe3 Qh4 24. Qd3 Bd6 25. Qd4 Kg7 26. Rc1 Bc5 27. Qd2 Kg8 28. Kg2 Bf8 29. Qd3 Bg7 30. Ba3 Nh5 31. Nxh5 Qxh5 32. Be7 Be5 33. Bxd8 Qxh2+ 34. Kf1 Rxd8 35. Qa6 Qh3+ 36. Ke2 Qd7 37. Rc2 Bd4 38. Qd3 Bc5 39. Rg1 Nb7 40. Qc3 Nd6 41. Qf6 Qb5+ 42. Kd1 Re8 43. Qb2 Qa4 44. Qb3 Rxe4 45. fxe4 Qd4+ 46. Kc1 Qa1+ 47. Qb1 Ba3+ 48. Kd2 Qd4+ 49. Ke2 Qxe4+ 50. Kf1 Qd3+ 51. Kg2 Qxd5+ 52. Kf1 Bc5 53. Qb3 Qd4 54. Re2 Nf5 55. Qb2 Qd1+ 56. Kg2 Qd5+ 57. Kf1 Qd1+ 58. Kg2 Qd5+ 59. Kf1 Nd4 60. Re8+ Kg7 61. Rg2 a5 1/2-1/2

[Event "SDS Naestved Open"]
[Site "Naestved"]
[Date "1988.07.25"]
[Round "3"]
[White "Brynell, Stellan"]
[Black "Petursson, Margeir"]
[Result "1-0"]
[WhiteElo "2385"]
[BlackElo "2530"]
[PlyCount "77"]
[EventDate "1988.07.23"]
[EventType "swiss"]
[EventRounds "9"]
[EventCountry "DEN"]
[SourceTitle "Gl Danbase og ChessBase"]

1. e4 c5 2. Nf3 Nc6 3. c3 d5 4. exd5 Qxd5 5. d4 Nf6 6. Be2 e6 7. O-O Be7 8. c4 Qd8 9. dxc5 Qxd1 10. Rxd1 Ne4 11. Be3 Bxc5 12. Bxc5 Nxc5 13. Nc3 Ke7 14. Nd4 Bd7 15. Ndb5 Rhd8 16. Rd2 Ne5 17. Rad1 Bxb5 18. Nxb5 Rxd2 19. Rxd2 Rc8 20. f4 Nc6 21. Bf3 a5 22. Kf2 a4 23. Ke3 Na5 24. Be2 Na6 25. Kd4 Nb4 26. Nc3 b6 27. g3 Ra8 28. Ke3 Ra7 29. a3 Nbc6 30. Nxa4 Nb3 31. Nxb6 Rc7 32. Rc2 Rb7 33. c5 Ncd4 34. Rc4 Nf5+ 35. Kf2 Rc7 36. Na4 Kd7 37. Bd1 Nd2 38. Rd4+ Kc6 39. g4 1-0

[Event "SDS Naestved Open"]
[Site "Naestved"]
[Date "1988.07.25"]
[Round "3"]
[White "Halasz, Tamas"]
[Black "Gallus, Gerald"]
[Result "1-0"]
[WhiteElo "2405"]
[BlackElo "2220"]
[PlyCount "63"]
[EventDate "1988.07.23"]
[EventType "swiss"]
[EventRounds "9"]
[EventCountry "DEN"]
[SourceTitle "Gl Danbase og ChessBase"]

1. d4 e6 2. c4 f5 3. g3 Nf6 4. Bg2 Bb4+ 5. Bd2 a5 6. Nf3 O-O 7. O-O Nc6 8. Bxb4 Nxb4 9. Nc3 d5 10. Ne5 Ne4 11. Rc1 Nxc3 12. bxc3 Nc6 13. cxd5 exd5 14. Nxc6 bxc6 15. c4 a4 16. cxd5 cxd5 17. Rc5 Bb7 18. Qb1 Ra7 19. Rfc1 c6 20. Qb4 f4 21. Qd2 fxg3 22. hxg3 Qf6 23. e3 h5 24. e4 h4 25. exd5 cxd5 26. Rc7 hxg3 27. fxg3 Qg6 28. Qe3 Kh7 29. Re7 Rf6 30. Bf1 Qg4 31. Bd3+ Kh8 32. Re8+ 1-0

[Event "SDS Naestved Open"]
[Site "Naestved"]
[Date "1988.07.25"]
[Round "3"]
[White "Jansa, Vlastimil"]
[Black "Jakobsen, Ole"]
[Result "1-0"]
[WhiteElo "2470"]
[BlackElo "2385"]
[PlyCount "77"]
[EventDate "1988.07.23"]
[EventType "swiss"]
[EventRounds "9"]
[EventCountry "DEN"]
[SourceTitle "Gl Danbase og ChessBase"]

1. e4 b6 2. d4 Bb7 3. Bd3 Nf6 4. Qe2 e6 5. Nf3 d5 6. e5 Ne4 7. O-O Be7 8. Nbd2 Nxd2 9. Bxd2 a5 10. Rac1 Ba6 11. c4 Bxc4 12. Bxc4 dxc4 13. Rxc4 c6 14. Rfc1 Qd5 15. Bg5 Ra7 16. Bxe7 Rxe7 17. Ng5 f6 18. Nh3 O-O 19. Nf4 Qd8 20. exf6 Rxf6 21. g3 b5 22. R4c3 Qxd4 23. Rd1 Qb6 24. Rcd3 e5 25. Qe4 Re8 26. Nh3 h6 27. Kg2 Na6 28. Rd6 Nc5 29. Qe3 Na4 30. Qb3+ Kf8 31. Rxf6+ gxf6 32. Rd6 Qb7 33. Rxf6+ Kg7 34. Qf3 Qe7 35. Rxc6 Qf7 36. Qxf7+ Kxf7 37. b3 Nb2 38. Rxh6 Rd8 39. Rh7+ 1-0

[Event "SDS Naestved Open"]
[Site "Naestved"]
[Date "1988.07.25"]
[Round "3"]
[White "Lau, Ralf"]
[Black "Dobosz, Henryk"]
[Result "1-0"]
[WhiteElo "2495"]
[BlackElo "2410"]
[PlyCount "71"]
[EventDate "1988.07.23"]
[EventType "swiss"]
[EventRounds "9"]
[EventCountry "DEN"]
[SourceTitle "Gl Danbase og ChessBase"]

1. e4 c5 2. Nf3 d6 3. d4 Nf6 4. Nc3 cxd4 5. Nxd4 a6 6. Be3 e5 7. Nb3 Be6 8. Be2 Be7 9. O-O O-O 10. Qd2 Nbd7 11. a4 Rc8 12. a5 Rc6 13. f3 Qc8 14. Rfc1 Bc4 15. Ra4 Re8 16. Kh1 h6 17. Qd1 Nh7 18. Nd5 Bg5 19. Bxc4 Rxc4 20. Rxc4 Qxc4 21. Qd3 Qc6 22. Rd1 Re6 23. Bf2 Qc8 24. Ra1 Bd8 25. Ra4 Nb8 26. Rc4 Nc6 27. Nb4 Qa8 28. Qc3 Ne7 29. Nd5 Nc6 30. Bb6 Nf6 31. Nb4 Ne7 32. Bxd8 Qxd8 33. Qd2 d5 34. exd5 Nexd5 35. Nxd5 Rd6 36. Rc8 1-0

[Event "SDS Naestved Open"]
[Site "Naestved"]
[Date "1988.07.25"]
[Round "3"]
[White "Ochsner, Thomas"]
[Black "Bronnum, Jan"]
[Result "0-1"]
[WhiteElo "2275"]
[BlackElo "2130"]
[PlyCount "110"]
[EventDate "1988.07.23"]
[EventType "swiss"]
[EventRounds "9"]
[EventCountry "DEN"]
[SourceTitle "Gl Danbase og ChessBase"]

1. e4 c5 2. c3 d6 3. d4 Nf6 4. Bd3 e5 5. Nf3 Qc7 6. O-O Bg4 7. Nbd2 Be7 8. dxe5 dxe5 9. h3 Bxf3 10. Qxf3 O-O 11. a4 Nc6 12. Nc4 Rad8 13. a5 Rd7 14. Be2 Rfd8 15. Bg5 Ne8 16. Be3 Nd6 17. a6 b6 18. Nxd6 Rxd6 19. Bc4 Bf6 20. Rfc1 Na5 21. Qe2 Nxc4 22. Qxc4 Qe7 23. Qa4 Bg5 24. Bxg5 Qxg5 25. Rd1 Qe7 26. Kf1 Qd7 27. Qxd7 R8xd7 28. Rxd6 Rxd6 29. Ke2 Kf8 30. Rd1 Rxd1 31. Kxd1 Ke7 32. Kc2 Kd6 33. Kb3 b5 34. c4 Kc6 35. cxb5+ Kxb5 36. Kc3 Kxa6 37. Kc4 Kb6 38. Kd5 f6 39. g3 g5 40. h4 gxh4 41. gxh4 a5 42. Kc4 a4 43. h5 h6 44. Kd3 Kb5 45. Kc3 c4 46. Kd2 Kb4 47. Kc2 c3 48. bxc3+ Kc4 49. Kb2 a3+ 50. Kxa3 Kxc3 51. f3 Kd3 52. Kb4 Ke3 53. Kc5 Kxf3 54. Kd5 Kf4 55. Ke6 Kg5 0-1

[Event "SDS Naestved Open"]
[Site "Naestved"]
[Date "1988.07.25"]
[Round "3"]
[White "Riemersma, Liafbern"]
[Black "Larsson, Anders"]
[Result "1-0"]
[WhiteElo "2380"]
[BlackElo "2295"]
[PlyCount "83"]
[EventDate "1988.07.23"]
[EventType "swiss"]
[EventRounds "9"]
[EventCountry "DEN"]
[SourceTitle "Gl Danbase og ChessBase"]

1. g3 Nf6 2. Bg2 d5 3. Nf3 c6 4. O-O Bf5 5. c4 e6 6. d3 h6 7. cxd5 exd5 8. Nc3 Be7 9. Qb3 Qb6 10. Qc2 O-O 11. Be3 Qd8 12. Qb3 Bc8 13. Rfc1 Re8 14. Rab1 Nbd7 15. Qd1 Nf8 16. Na4 Bd6 17. Bc5 Bxc5 18. Nxc5 Qe7 19. e3 b6 20. Na4 c5 21. a3 Bd7 22. b4 Ne6 23. bxc5 bxc5 24. Ne5 Qd6 25. Nxd7 Nxd7 26. Nc3 Nf6 27. Rb7 Rab8 28. Rxa7 Qb6 29. Ra4 d4 30. Rb1 Qd6 31. Nb5 Qe5 32. exd4 cxd4 33. Rab4 Nd5 34. Bxd5 Qxd5 35. Nc7 Nxc7 36. Rxb8 Rxb8 37. Rxb8+ Kh7 38. Qb3 Qf5 39. Qb7 Nd5 40. Rf8 f6 41. Rf7 Qg5 42. h4 1-0

[Event "SDS Naestved Open"]
[Site "Naestved"]
[Date "1988.07.25"]
[Round "3"]
[White "Sax, Gyula"]
[Black "Ernst, Thomas"]
[Result "1-0"]
[WhiteElo "2600"]
[BlackElo "2450"]
[PlyCount "79"]
[EventDate "1988.07.23"]
[EventType "swiss"]
[EventRounds "9"]
[EventCountry "DEN"]
[SourceTitle "Gl Danbase og ChessBase"]

1. e4 c5 2. Nf3 d6 3. d4 cxd4 4. Nxd4 Nf6 5. Nc3 g6 6. Be3 Bg7 7. f3 O-O 8. Qd2 Nc6 9. Bc4 Bd7 10. h4 Ne5 11. Bb3 Rc8 12. O-O-O Nc4 13. Bxc4 Rxc4 14. g4 Qa5 15. Nb3 Qa6 16. Kb1 Rfc8 17. h5 Bxg4 18. e5 Bxf3 19. exf6 Bxf6 20. hxg6 hxg6 21. Nd5 Rxc2 22. Nxf6+ exf6 23. Qd4 d5 24. Qh4 Kf8 25. Bc5+ R2xc5 26. Nxc5 Rxc5 27. Qh8+ Ke7 28. Rhe1+ Be4+ 29. Rxe4+ dxe4 30. Qd8+ Ke6 31. Qd7+ Ke5 32. Qd4+ Ke6 33. Qxc5 f5 34. a4 Qc6 35. Qxa7 f4 36. Rc1 Qd7 37. Qb6+ Kf5 38. Qc5+ Kg4 39. Qg1+ Kf5 40. Rc5+ 1-0

[Event "SDS Naestved Open"]
[Site "Naestved"]
[Date "1988.07.25"]
[Round "3"]
[White "Schmidt, Wlodzimierz"]
[Black "Sorensen, Henrik"]
[Result "1-0"]
[WhiteElo "2465"]
[BlackElo "2265"]
[PlyCount "71"]
[EventDate "1988.07.23"]
[EventType "swiss"]
[EventRounds "9"]
[EventCountry "DEN"]
[SourceTitle "Gl Danbase og ChessBase"]

1. Nf3 d5 2. d4 c6 3. c4 Nf6 4. Nc3 g6 5. cxd5 Nxd5 6. e4 Nb6 7. h3 Bg7 8. Be2 O-O 9. O-O N8d7 10. Be3 e5 11. a4 exd4 12. Nxd4 Ne5 13. b3 a5 14. Rc1 Ned7 15. f4 Qe7 16. Bf3 Nc5 17. Qc2 Nbd7 18. Rfe1 Na6 19. Rcd1 Ndc5 20. e5 Nb4 21. Qb1 Rd8 22. Bf2 Ncd3 23. Rxd3 Nxd3 24. Qxd3 c5 25. Nd5 Rxd5 26. Bxd5 cxd4 27. Qxd4 Be6 28. Bxe6 Qxe6 29. Qe4 Qxb3 30. Rb1 Qa2 31. Rxb7 Rc8 32. Bh4 h6 33. Kh2 Qc4 34. Qd3 Qxa4 35. e6 fxe6 36. Rxg7+ 1-0

[Event "SDS Naestved Open"]
[Site "Naestved"]
[Date "1988.07.25"]
[Round "3"]
[White "Smagin, Sergey"]
[Black "Lorenz, Sascha"]
[Result "1-0"]
[WhiteElo "2550"]
[BlackElo "2225"]
[PlyCount "51"]
[EventDate "1988.07.23"]
[EventType "swiss"]
[EventRounds "9"]
[EventCountry "DEN"]
[SourceTitle "Gl Danbase og ChessBase"]

1. e4 c5 2. Nf3 Nc6 3. c3 e5 4. Bb5 a6 5. Ba4 b5 6. Bc2 Qc7 7. O-O d6 8. Re1 g6 9. a4 Rb8 10. d3 Bg7 11. Bb3 Nge7 12. h4 h6 13. Be3 Bg4 14. Nbd2 f5 15. axb5 axb5 16. Nf1 f4 17. Bd2 g5 18. N1h2 Bh5 19. g4 fxg3 20. fxg3 g4 21. Rf1 gxf3 22. g4 Bf7 23. Bxf7+ Kxf7 24. Qxf3+ Kg8 25. Qf7+ Kh7 26. Rf6 1-0

[Event "SDS Naestved Open"]
[Site "Naestved"]
[Date "1988.07.26"]
[Round "4"]
[White "Bednarski, Jacek B"]
[Black "Clementsson, Jan"]
[Result "1-0"]
[WhiteElo "2375"]
[BlackElo "2280"]
[PlyCount "99"]
[EventDate "1988.07.23"]
[EventType "swiss"]
[EventRounds "9"]
[EventCountry "DEN"]
[SourceTitle "Gl Danbase og ChessBase"]

1. e4 e6 2. d4 d5 3. Nc3 Bb4 4. e5 c5 5. a3 Bxc3+ 6. bxc3 Ne7 7. h4 Qa5 8. Bd2 Qa4 9. Qb1 a6 10. Nf3 Nbc6 11. Qb3 Qxb3 12. cxb3 Na5 13. Rb1 c4 14. b4 Nb3 15. Bg5 a5 16. Be2 Nc6 17. b5 Na7 18. a4 Bd7 19. Nd2 Nxd2 20. Kxd2 Nc8 21. Rbg1 Nb6 22. Bd1 Rc8 23. h5 f6 24. exf6 gxf6 25. Bxf6 O-O 26. Be5 Rxf2+ 27. Ke3 Rf5 28. Rh3 Rg5 29. Bf6 Rf5 30. Rg3+ Kf7 31. Be5 Rg8 32. Rxg8 Kxg8 33. g4 Rf7 34. Bc7 Nc8 35. Bxa5 Nd6 36. Bb4 Ne4 37. Bc2 Ng5 38. Rg3 Rf1 39. Rg2 Re1+ 40. Re2 Rxe2+ 41. Kxe2 e5 42. dxe5 Bxg4+ 43. Ke3 Bxh5 44. a5 Be8 45. Kf4 Ne6+ 46. Kf5 Kf7 47. Bd1 Ng7+ 48. Kg5 Ne6+ 49. Kh6 Nf4 50. Ba4 1-0

[Event "SDS Naestved Open"]
[Site "Naestved"]
[Date "1988.07.26"]
[Round "4"]
[White "Blauert, Joerg"]
[Black "Wedberg, Tom"]
[Result "1/2-1/2"]
[WhiteElo "2290"]
[BlackElo "2510"]
[PlyCount "50"]
[EventDate "1988.07.23"]
[EventType "swiss"]
[EventRounds "9"]
[EventCountry "DEN"]
[SourceTitle "Gl Danbase og ChessBase"]

1. e4 e5 2. Nf3 Nc6 3. d4 exd4 4. Bc4 Nf6 5. O-O Nxe4 6. Re1 d5 7. Bxd5 Qxd5 8. Nc3 Qh5 9. Nxe4 Be6 10. Bg5 Bd6 11. Nxd6+ cxd6 12. Bf4 Qd5 13. c3 Rc8 14. Qd3 O-O 15. Nxd4 Nxd4 16. Qxd4 Qxd4 17. cxd4 Rc2 18. Bxd6 Rfc8 19. d5 Bxd5 20. Be5 R2c6 21. Red1 Be6 22. a3 Bb3 23. Re1 h6 24. Bc3 Rg6 25. f3 Re6 1/2-1/2

[Event "SDS Naestved Open"]
[Site "Naestved"]
[Date "1988.07.26"]
[Round "4"]
[White "Brinck Claussen, Bjorn"]
[Black "Vinther Schou, Uffe"]
[Result "1-0"]
[WhiteElo "2375"]
[BlackElo "2180"]
[PlyCount "59"]
[EventDate "1988.07.23"]
[EventType "swiss"]
[EventRounds "9"]
[EventCountry "DEN"]
[SourceTitle "Gl Danbase og ChessBase"]

1. e4 c5 2. Nf3 Nc6 3. d4 cxd4 4. Nxd4 Nf6 5. Nc3 d6 6. Be2 e6 7. O-O Be7 8. Be3 O-O 9. f4 a6 10. Qe1 Qc7 11. Kh1 Nxd4 12. Bxd4 b5 13. e5 Ne8 14. Bd3 Bb7 15. Ne4 dxe5 16. fxe5 Rd8 17. Bc3 Qc6 18. Qg3 b4 19. Bd2 Rxd3 20. cxd3 Qc2 21. Rac1 Qxb2 22. Rb1 Qd4 23. Nf6+ Nxf6 24. exf6 Bxf6 25. Rxb4 Qd5 26. Rxf6 Qxg2+ 27. Qxg2 Bxg2+ 28. Kxg2 gxf6 29. Bh6 Rd8 30. Rg4+ 1-0

[Event "SDS Naestved Open"]
[Site "Naestved"]
[Date "1988.07.26"]
[Round "4"]
[White "Ginsburg, Mark"]
[Black "Petursson, Margeir"]
[Result "1/2-1/2"]
[WhiteElo "2370"]
[BlackElo "2530"]
[PlyCount "62"]
[EventDate "1988.07.23"]
[EventType "swiss"]
[EventRounds "9"]
[EventCountry "DEN"]
[SourceTitle "Gl Danbase og ChessBase"]

1. e4 c5 2. Nf3 d6 3. Nc3 Nf6 4. e5 dxe5 5. Nxe5 Nbd7 6. Nc4 g6 7. g3 Nb6 8. b3 Bg7 9. Bb2 O-O 10. Bg2 Bg4 11. Qb1 Nxc4 12. bxc4 Qd6 13. d3 Qe6+ 14. Kf1 h5 15. h3 Bf5 16. Nd5 Nxd5 17. cxd5 Qd7 18. Bxg7 Kxg7 19. Qb2+ f6 20. Re1 Rae8 21. h4 b6 22. Be4 Bxe4 23. dxe4 e6 24. c4 Qa4 25. Qb3 Qxb3 26. axb3 f5 27. e5 f4 28. gxf4 Rxf4 29. Rh3 Ref8 30. Re2 Rd4 31. d6 Rff4 1/2-1/2

[Event "SDS Naestved Open"]
[Site "Naestved"]
[Date "1988.07.26"]
[Round "4"]
[White "Haugli, Petter"]
[Black "Borge, Nikolaj"]
[Result "1-0"]
[WhiteElo "2330"]
[BlackElo "2180"]
[PlyCount "73"]
[EventDate "1988.07.23"]
[EventType "swiss"]
[EventRounds "9"]
[EventCountry "DEN"]
[SourceTitle "Gl Danbase og ChessBase"]

1. e4 c5 2. Nf3 Nc6 3. d4 cxd4 4. Nxd4 g6 5. c4 Nf6 6. Nc3 d6 7. Be2 Nxd4 8. Qxd4 Bg7 9. Bg5 O-O 10. Qd2 Be6 11. O-O Rc8 12. b3 a6 13. Rac1 Bd7 14. Rfd1 Bc6 15. Bf3 b5 16. cxb5 axb5 17. b4 Re8 18. Nd5 Bxd5 19. exd5 Rc4 20. Rxc4 bxc4 21. b5 c3 22. Qc2 Qa5 23. a4 Nd7 24. Re1 Be5 25. Bd1 Nb6 26. f4 Bg7 27. Qe4 Nxd5 28. Bb3 Nf6 29. Qc6 Rf8 30. Rxe7 Ng4 31. Rxf7 Kh8 32. Rxf8+ Bxf8 33. h3 c2 34. hxg4 Qe1+ 35. Kh2 c1=Q 36. Bf6+ Bg7 37. Qa8+ 1-0

[Event "SDS Naestved Open"]
[Site "Naestved"]
[Date "1988.07.26"]
[Round "4"]
[White "Kvamme, John Agnar"]
[Black "Sziva, Erika"]
[Result "1/2-1/2"]
[WhiteElo "2150"]
[BlackElo "2220"]
[PlyCount "25"]
[EventDate "1988.07.23"]
[EventType "swiss"]
[EventRounds "9"]
[EventCountry "DEN"]
[SourceTitle "Gl Danbase og ChessBase"]

1. d4 Nf6 2. Nf3 g6 3. Bf4 Bg7 4. e3 d6 5. h3 c6 6. c4 O-O 7. Be2 Qb6 8. Qb3 Nbd7 9. O-O c5 10. Qxb6 Nxb6 11. Nc3 Be6 12. d5 Bd7 13. e4 1/2-1/2

[Event "SDS Naestved Open"]
[Site "Naestved"]
[Date "1988.07.27"]
[Round "5"]
[White "Akesson, Ralf"]
[Black "Haugli, Petter"]
[Result "1/2-1/2"]
[WhiteElo "2430"]
[BlackElo "2330"]
[PlyCount "82"]
[EventDate "1988.07.23"]
[EventType "swiss"]
[EventRounds "9"]
[EventCountry "DEN"]
[SourceTitle "Gl Danbase og ChessBase"]

1. Nf3 Nf6 2. c4 d6 3. Nc3 g6 4. d4 Bf5 5. Nh4 Bd7 6. e4 e5 7. Nf3 Nc6 8. Be2 Bg7 9. d5 Ne7 10. Be3 Ng4 11. Bg5 f6 12. Bd2 f5 13. Ng5 Nf6 14. exf5 Nxf5 15. O-O O-O 16. Nce4 Nd4 17. c5 Nxe4 18. Nxe4 Bf5 19. Bg5 Qd7 20. f3 Bxe4 21. fxe4 dxc5 22. Rc1 Qd6 23. Be3 b6 24. Qd2 a5 25. Rxf8+ Rxf8 26. Rf1 Rxf1+ 27. Bxf1 h5 28. a4 Kh7 29. Bc4 Qf8 30. Qf2 Qe7 31. g3 Bh6 32. Bxd4 cxd4 33. Kg2 Be3 34. Qf1 Kg7 35. b3 h4 36. Qf3 hxg3 37. hxg3 Qb4 38. Kh3 Qd6 39. Bb5 Bg5 40. Qg4 Be7 41. Kg2 Bf6 1/2-1/2

[Event "SDS Naestved Open"]
[Site "Naestved"]
[Date "1988.07.27"]
[Round "5"]
[White "Hansen, Mads Smith"]
[Black "Ahlander, Bjorn"]
[Result "0-1"]
[WhiteElo "2245"]
[BlackElo "2395"]
[PlyCount "80"]
[EventDate "1988.07.23"]
[EventType "swiss"]
[EventRounds "9"]
[EventCountry "DEN"]
[SourceTitle "Gl Danbase og ChessBase"]

1. e4 c5 2. Nf3 e6 3. d4 cxd4 4. Nxd4 Nf6 5. Nc3 d6 6. Be2 Be7 7. O-O O-O 8. f4 Nc6 9. Be3 Bd7 10. Qe1 Nxd4 11. Bxd4 Bc6 12. Qg3 g6 13. Bf3 Qa5 14. Rad1 Nh5 15. Bxh5 Qxh5 16. f5 Qh4 17. Qd3 Rfd8 18. Qe2 a6 19. Rd3 exf5 20. exf5 Re8 21. Bf2 Qh6 22. Bd4 Bf6 23. Qf2 Be5 24. Bxe5 dxe5 25. Rh3 Qg7 26. Qh4 g5 27. Qc4 Rad8 28. f6 Qg6 29. Rg3 Rd2 30. h4 Rd4 31. Qc5 Rxh4 32. Nd5 Qh6 33. Ne7+ Kh8 34. Qxe5 Rh5 35. Rf5 Rd8 36. Rfxg5 Rh1+ 37. Kf2 Rd2+ 38. Ke3 Re1+ 39. Kxd2 Rxe5 40. Kc3 Rxg5 0-1

[Event "SDS Naestved Open"]
[Site "Naestved"]
[Date "1988.07.27"]
[Round "5"]
[White "Hector, Jonny"]
[Black "Ginsburg, Mark"]
[Result "1-0"]
[WhiteElo "2435"]
[BlackElo "2370"]
[PlyCount "79"]
[EventDate "1988.07.23"]
[EventType "swiss"]
[EventRounds "9"]
[EventCountry "DEN"]
[SourceTitle "Gl Danbase og ChessBase"]

1. e4 c5 2. Nf3 e6 3. d4 cxd4 4. Nxd4 a6 5. c4 Nf6 6. Nc3 Qc7 7. Be2 Nc6 8. O-O Bd6 9. Kh1 Bf4 10. c5 O-O 11. Nc2 Bxc1 12. Rxc1 b6 13. cxb6 Qxb6 14. f4 Qxb2 15. Rf3 Qb8 16. e5 Ng4 17. Ne4 Ncxe5 18. fxe5 Qxe5 19. Rg3 Bb7 20. Bxg4 Bxe4 21. Qd4 Qxd4 22. Nxd4 f5 23. Be2 e5 24. Nb3 d5 25. Kg1 a5 26. a4 f4 27. Rgc3 h6 28. Bd3 Rfb8 29. Bb5 Kh7 30. Rc7 Rb6 31. Nd2 Bg6 32. Rd7 e4 33. Rxd5 Rf8 34. Rd7 Bf5 35. Rd4 e3 36. Nc4 Rg6 37. Rxf4 Bh3 38. Rxf8 Rxg2+ 39. Kh1 e2 40. Ne3 1-0

[Event "SDS Naestved Open"]
[Site "Naestved"]
[Date "1988.07.27"]
[Round "5"]
[White "Hellers, Ferdinand"]
[Black "Hartung Nielsen, Jens"]
[Result "1-0"]
[WhiteElo "2490"]
[BlackElo "2270"]
[PlyCount "51"]
[EventDate "1988.07.23"]
[EventType "swiss"]
[EventRounds "9"]
[EventCountry "DEN"]
[SourceTitle "Gl Danbase og ChessBase"]

1. e4 c5 2. Nf3 e6 3. d4 cxd4 4. Nxd4 Nf6 5. Nc3 Nc6 6. Nxc6 bxc6 7. e5 Nd5 8. Ne4 Qc7 9. f4 Qb6 10. c4 Ne3 11. Qd3 Nf5 12. b3 Bb7 13. Bd2 c5 14. Be2 Be7 15. O-O h5 16. Bc3 Bc6 17. g3 O-O-O 18. Bf3 Rdg8 19. Rad1 g5 20. fxg5 Bxg5 21. Nd6+ Nxd6 22. Qxd6 Be3+ 23. Kg2 Rh7 24. Qd3 Rhg7 25. Qxe3 h4 26. Be1 1-0

[Event "SDS Naestved Open"]
[Site "Naestved"]
[Date "1988.07.27"]
[Round "5"]
[White "Jakobsen, Ole"]
[Black "Balzar, Andreas"]
[Result "1/2-1/2"]
[WhiteElo "2385"]
[BlackElo "2260"]
[PlyCount "45"]
[EventDate "1988.07.23"]
[EventType "swiss"]
[EventRounds "9"]
[EventCountry "DEN"]
[SourceTitle "Gl Danbase og ChessBase"]

1. c4 e6 2. Nf3 d5 3. g3 Nf6 4. Bg2 Be7 5. O-O O-O 6. d4 Nbd7 7. Nbd2 c6 8. Qc2 b6 9. e4 Bb7 10. b3 Rc8 11. Bb2 c5 12. exd5 exd5 13. dxc5 Bxc5 14. Nd4 Ba6 15. Nf5 Re8 16. Qd1 dxc4 17. Nxc4 Bxc4 18. bxc4 Ne5 19. Qb3 Qd7 20. Bh3 Qc6 21. Bg2 Qd7 22. Bh3 Qc6 23. Bg2 1/2-1/2

[Event "SDS Naestved Open"]
[Site "Naestved"]
[Date "1988.07.27"]
[Round "5"]
[White "Larsen, Bent"]
[Black "Schmidt, Wlodzimierz"]
[Result "1-0"]
[WhiteElo "2560"]
[BlackElo "2465"]
[PlyCount "91"]
[EventDate "1988.07.23"]
[EventType "swiss"]
[EventRounds "9"]
[EventCountry "DEN"]
[SourceTitle "Gl Danbase og ChessBase"]

1. c4 g6 2. Nc3 c5 3. g3 Bg7 4. Bg2 Nc6 5. Nf3 e5 6. d3 d6 7. Nd2 Nge7 8. Nf1 O-O 9. Ne3 Rb8 10. O-O a6 11. Rb1 b5 12. b3 Nd4 13. Ned5 Nxd5 14. Nxd5 Bd7 15. Bb2 a5 16. Qd2 b4 17. f4 f5 18. fxe5 dxe5 19. e3 Nc6 20. a4 Be6 21. Rf2 Qd6 22. Rbf1 Rf7 23. Qd1 Rbf8 24. Kh1 h5 25. Bc1 Kh7 26. e4 Nd4 27. Be3 fxe4 28. Rxf7 Rxf7 29. Rxf7 Bxf7 30. Bxe4 Bxd5 31. cxd5 Kg8 32. Kg2 Kf7 33. h4 Bf6 34. g4 Bxh4 35. gxh5 g5 36. Qg4 Nxb3 37. h6 Qxh6 38. Qd7+ Kf8 39. d6 Qf6 40. Bd5 Nd4 41. Qc8+ Kg7 42. d7 e4 43. Qg8+ Kh6 44. Bxe4 Nf5 45. Bxc5 Qb2+ 46. Kh3 1-0

[Event "SDS Naestved Open"]
[Site "Naestved"]
[Date "1988.07.27"]
[Round "5"]
[White "Petursson, Margeir"]
[Black "Halasz, Tamas"]
[Result "1-0"]
[WhiteElo "2530"]
[BlackElo "2405"]
[PlyCount "51"]
[EventDate "1988.07.23"]
[EventType "swiss"]
[EventRounds "9"]
[EventCountry "DEN"]
[SourceTitle "Gl Danbase og ChessBase"]

1. d4 d5 2. c4 e6 3. Nc3 c6 4. Nf3 Nf6 5. Bg5 Nbd7 6. e3 Qa5 7. cxd5 Nxd5 8. Qd2 Bb4 9. Rc1 h6 10. Bh4 c5 11. a3 Bxc3 12. bxc3 Qxa3 13. e4 N5f6 14. Bd3 Qa5 15. d5 exd5 16. e5 Ne4 17. Bxe4 dxe4 18. Qd6 g5 19. Nxg5 Qb6 20. Nxe4 Qxd6 21. Nxd6+ Kf8 22. f4 Nb6 23. O-O Rg8 24. f5 Nc4 25. Nxc4 Rg4 26. Bf6 1-0

[Event "SDS Naestved Open"]
[Site "Naestved"]
[Date "1988.07.27"]
[Round "5"]
[White "Riemersma, Liafbern"]
[Black "Lorenz, Sascha"]
[Result "1-0"]
[WhiteElo "2380"]
[BlackElo "2225"]
[PlyCount "99"]
[EventDate "1988.07.23"]
[EventType "swiss"]
[EventRounds "9"]
[EventCountry "DEN"]
[SourceTitle "Gl Danbase og ChessBase"]

1. e4 c5 2. Nf3 Nc6 3. d4 cxd4 4. Nxd4 Qb6 5. Nb3 Nf6 6. Nc3 e6 7. Be3 Qc7 8. Qd2 a6 9. O-O-O d6 10. f3 Be7 11. g4 O-O 12. g5 Nd7 13. h4 b5 14. g6 fxg6 15. h5 gxh5 16. Rxh5 Nf6 17. Rh1 Ne5 18. Qg2 Bd7 19. Kb1 Rfc8 20. Nd4 b4 21. Nce2 Ng6 22. Nf4 Nf8 23. Bd3 e5 24. Rdf1 g6 25. Rxh7 N6xh7 26. Nxg6 Kf7 27. Qh2 Bf6 28. Qh5 Be8 29. Nxf8+ Kxf8 30. Qh6+ Ke7 31. Qxh7+ Bf7 32. Nf5+ Ke6 33. Nh6 Rf8 34. Ng4 Bh8 35. Bg5 Kd7 36. Bh6 Kc6 37. b3 Rg8 38. Qf5 Qd7 39. Qxd7+ Kxd7 40. Bd2 a5 41. Rh1 Kc6 42. Nh6 Be6 43. Nxg8 Rxg8 44. a3 a4 45. Rh6 Bf7 46. Bxb4 axb3 47. Rxd6+ Kc7 48. c4 Rg2 49. c5 Bg7 50. Ba5+ 1-0

[Event "SDS Naestved Open"]
[Site "Naestved"]
[Date "1988.07.27"]
[Round "5"]
[White "Sorensen, Torben N"]
[Black "Giemsa, Stephan"]
[Result "1-0"]
[WhiteElo "2335"]
[BlackElo "2150"]
[PlyCount "45"]
[EventDate "1988.07.23"]
[EventType "swiss"]
[EventRounds "9"]
[EventCountry "DEN"]
[SourceTitle "Gl Danbase og ChessBase"]

1. d4 Nf6 2. c4 e5 3. Nf3 Bb4+ 4. Bd2 Bxd2+ 5. Qxd2 exd4 6. Nxd4 d5 7. cxd5 Nxd5 8. g3 O-O 9. Bg2 Na6 10. O-O c6 11. Rd1 Bg4 12. h3 Bh5 13. Nc3 Nac7 14. Ne4 Qe7 15. Nf5 Qe6 16. g4 Bg6 17. Nc5 Qc8 18. Nd6 Qd8 19. Ndxb7 Qh4 20. e4 Nf6 21. f4 h5 22. g5 Ng4 23. Qe1 1-0